Sūrasāgara meṃ loka jīvana. (Record no. 74531)
[ view plain ]
| 000 -LEADER | |
|---|---|
| fixed length control field | 00590cam a22002291 4500 |
| 001 - CONTROL NUMBER | |
| control field | sa 67004496 |
| 003 - CONTROL NUMBER IDENTIFIER | |
| control field | DLC |
| 005 - DATE AND TIME OF LATEST TRANSACTION | |
| control field | 20260227112347.0 |
| 008 - FIXED-LENGTH DATA ELEMENTS--GENERAL INFORMATION | |
| fixed length control field | 890605s1967 ii b 000 0 hino |
| 010 ## - LIBRARY OF CONGRESS CONTROL NUMBER | |
| LC control number | sa 67004496 |
| 035 ## - SYSTEM CONTROL NUMBER | |
| System control number | (OCoLC)19820163 |
| 040 ## - CATALOGING SOURCE | |
| Original cataloging agency | DLC |
| Transcribing agency | WaU |
| Modifying agency | DLC |
| 042 ## - AUTHENTICATION CODE | |
| Authentication code | premarc |
| 050 00 - LIBRARY OF CONGRESS CALL NUMBER | |
| Classification number | PK2095.S8 |
| Item number | S95 |
| 100 0# - MAIN ENTRY--PERSONAL NAME | |
| Personal name | Har Gulal, |
| Dates associated with a name | 1935- |
| 245 10 - TITLE STATEMENT | |
| Title | Sūrasāgara meṃ loka jīvana. |
| 260 ## - PUBLICATION, DISTRIBUTION, ETC. | |
| Date of publication, distribution, etc. | [1967] |
| 300 ## - PHYSICAL DESCRIPTION | |
| Extent | 15, 188 p. |
| Dimensions | 22 cm. |
| 500 ## - GENERAL NOTE | |
| General note | In Hindi. |
| 504 ## - BIBLIOGRAPHY, ETC. NOTE | |
| Bibliography, etc. note | Bibliography: p. [176]-178. |
| 600 00 - SUBJECT ADDED ENTRY--PERSONAL NAME | |
| Personal name | Sūradāsa, |
| Dates associated with a name | 1483?-1563? |
| Title of a work | Sūrasāgara |
No items available.